[Event "ch-POL Boys U16"]
[Site "Zakopane POL"]
[Date "2001.01.22"]
[Round "7"]
[White "Zimolzak,P"]
[Black "Machaj,B"]
[Result "1/2-1/2"]
[WhiteElo "2052"]
[BlackElo "2196"]

1.d4 Nf6 2.Bg5 e6 3.e4 h6 4.Bxf6 Qxf6 5.Nc3 Bb4 6.Qd2 d6 7.a3 Bxc3 8.Qxc3 Nc6
9.Nf3 Qg6 10.Qe3 O-O 11.O-O-O e5 12.dxe5 Nxe5 13.Nxe5 dxe5 14.Bc4 Be6 15.Bxe6 Qxe6
16.Kb1 b6 17.Rd5 c6 18.Rd2 Rad8 19.Rhd1 Qe7 20.Qc3 Rxd2 21.Rxd2 Qe6 22.Qd3 Qg6
23.f3 Qh5 24.Qd7 Qg5 25.Re2 Qd8 26.Rd2 Qg5 27.c3 a5 28.Kc2 Qf6 29.Qd6 Qg5  1/2-1/2

[Event "Open"]
[Site "Ubeda ESP"]
[Date "2001.01.25"]
[Round "5"]
[White "Marcelin,C"]
[Black "Lalic,B"]
[Result "1/2-1/2"]
[WhiteElo "2424"]
[BlackElo "2531"]

1.d4 Nf6 2.Bg5 e6 3.e4 c5 4.d5 d6 5.Nc3 Be7 6.Bb5+ Bd7 7.dxe6 fxe6 8.Bxd7+ Qxd7
9.Nf3 Nc6 10.O-O Rd8 11.Re1 Ng4 12.h3 Nge5 13.Nxe5 Nxe5 14.Qh5+ g6 15.Qh4 Bxg5
16.Qxg5 h6 17.Qg3  1/2-1/2

[Event "Bundesliga 2000-1"]
[Site "Luebeck GER"]
[Date "2001.01.28"]
[Round "7"]
[White "Ramlow,M"]
[Black "Cladouras,P"]
[Result "1/2-1/2"]
[WhiteElo "2190"]
[BlackElo "2338"]

1.d4 Nf6 2.Bg5 e6 3.e4 h6 4.Bxf6 Qxf6 5.Nc3 d6 6.Qd2 c6 7.f4 e5 8.dxe5 dxe5
9.fxe5 Qxe5 10.Nf3 Qd6 11.Bd3 Be6 12.e5 Qb4 13.O-O-O Be7 14.Qe2 Nd7 15.a3 Qa5
16.Bc4 Bxc4 17.Qxc4 Nxe5 18.Qd4 Nxf3 19.Qd7+ Kf8 20.Qxb7 Re8 21.gxf3 Bxa3
22.Rd7 Qxc3 23.bxa3 Qxa3+ 24.Kb1 Qxf3 25.Rhd1 Kg8 26.R7d3 Qf5 27.Rb3 Kh7
28.Qxc6 Rc8 29.Qg2 Rb8 30.Rd3 Rhe8 31.Qd2 a5 32.Qc3 a4 33.Rb4 Rxb4+ 34.Qxb4 Qf1+
35.Ka2 Re1 36.Qb2 Re2 37.Rg3 g6 38.Qc3 Qf5 39.Rd3 Qe6+ 40.Kb2 Qb6+ 41.Ka2 Qe6+
42.Kb2 Qb6+ 43.Ka2 Qe6+ 44.Kb2 Qb6+  1/2-1/2

[Event "Yateley Manor Int"]
[Site "Camberley ENG"]
[Date "2001.02.04"]
[Round "9"]
[White "Deva,C"]
[Black "Broomfield,M"]
[Result "1-0"]
[WhiteElo "2098"]
[BlackElo "2206"]

1.d4 Nf6 2.Bg5 e6 3.Nd2 h6 4.Bxf6 Qxf6 5.c3 d6 6.g3 Nd7 7.Bg2 c5 8.Ngf3 cxd4
9.cxd4 d5 10.O-O Bd6 11.e4 dxe4 12.Nxe4 Qe7 13.d5 e5 14.Nfd2 O-O 15.Nc4 Bb8
16.d6 Qe6 17.Rc1 Rd8 18.Qb3 g5 19.Nc3 e4 20.Rfd1 Nb6 21.Bf1 Kh7 22.Nb5 Kg6
23.Qa3 Nd5 24.Qc5 Nf6 25.Ne5+ Kh7 26.Bc4 Qe8 27.Bxf7 Qf8 28.Bg6+  1-0

[Event "9th Aosta Valley"]
[Site "Saint Vincent ITA"]
[Date "2001.02.05"]
[Round "3"]
[White "Mukic,J"]
[Black "Timoscenko,G"]
[Result "1/2-1/2"]
[WhiteElo "2263"]
[BlackElo "2525"]

1.d4 Nf6 2.Bg5 e6 3.e4 h6 4.Bxf6 Qxf6 5.c3 d6 6.Bd3 Qd8 7.f4 e5 8.f5 Nd7
9.Nf3 Be7 10.Nbd2 Bf6 11.Qe2 a6 12.O-O-O b5 13.g4 c5 14.dxe5 Nxe5 15.Nxe5 Bxe5
16.Nf3 Bf4+ 17.Kb1 Qe7 18.e5 dxe5 19.Be4 Bb7 20.f6 gxf6 21.Nh4 O-O 22.Nf5 Qc7
23.g5 fxg5 24.Nxh6+ Kh8 25.Bc2 g4 26.Qxg4 Bxh6 27.Qf5 e4 28.Qf6+ Bg7 29.Qh4+ Kg8
30.Rhg1 f5 31.Rg6 Rf7 32.Rdg1 Qd8 33.Qh5 Qd2 34.Rh6 Qxh6 35.Qxh6 Re8 36.Qf4 e3
37.Re1 e2 38.Bd3 Be4 39.Kc2 Bxd3+ 40.Kxd3 c4+ 41.Kc2 Re5 42.Qf3 f4 43.Rxe2 Rxe2+
44.Qxe2 f3 45.Qf2 Bh6 46.Kd1  1/2-1/2

[Event "FSIMB February"]
[Site "Budapest HUN"]
[Date "2001.02.07"]
[Round "4"]
[White "Puschmann,L"]
[Black "Balogh,C"]
[Result "1/2-1/2"]
[WhiteElo "2291"]
[BlackElo "2340"]

1.d4 Nf6 2.Bg5 e6 3.e3 h6 4.Bh4 d6 5.c3 Be7 6.Bd3 Nc6 7.Nd2 O-O 8.e4 e5 9.Bxf6 Bxf6
10.d5 Ne7 11.Ne2 Ng6 12.Nc4 Bg5 13.Qc2 Qf6 14.Ng3 Nh4 15.f3 Qg6 16.Qf2 Bf4
17.Nd2 c6 18.c4 Qg5 19.Ndf1 cxd5 20.cxd5 Bd7 21.Rg1 f5 22.exf5 Nxf5 23.Ne4 Qd8
24.Nc3 Nd4 25.Nd2 Bxd2+ 26.Kxd2 Qb6 27.Kd1 Bf5 28.Bxf5 Rxf5 29.Re1 Rc8 30.Rc1 Rc5
31.Re4 Nb5 32.Ke1 Rf8 33.Rb4 Qa5 34.Ra4 Qxa4 35.Nxa4 Rxc1+ 36.Kd2 Rfc8 37.Qh4 R1c2+
38.Kd3 Rxg2 39.Qh3 Rcc2 40.Qe6+ Kf8 41.Nc3 Rgd2+ 42.Kc4 Nxc3 43.Qxd6+ Kg8
44.Qe6+ Kh7 45.Qf5+ Kh8  1/2-1/2

[Event "TCh-FIN 00-01"]
[Site "FIN"]
[Date "2001.02.10"]
[Round "7"]
[White "Puranen,J"]
[Black "Lassila,E"]
[Result "1/2-1/2"]
[WhiteElo "2317"]
[BlackElo "2340"]

1.d4 Nf6 2.Bg5 e6 3.Nf3 h6 4.Bh4 c5 5.e3 cxd4 6.exd4 b6 7.Nbd2 Bb7 8.Bd3 Be7
9.O-O O-O 10.c3 d6  1/2-1/2

[Event "It"]
[Site "Montecatini Terme ITA"]
[Date "2001.02.12"]
[Round "11"]
[White "Mukic,J"]
[Black "Drei,A"]
[Result "1-0"]
[WhiteElo "2263"]
[BlackElo "2305"]

1.d4 Nf6 2.Bg5 e6 3.e4 h6 4.Bxf6 Qxf6 5.c3 c5 6.Nf3 b6 7.Bd3 Nc6 8.e5 Qd8
9.Nbd2 cxd4 10.cxd4 Nb4 11.Bb1 Ba6 12.Ne4 Rc8 13.a3 Nd5 14.g3 Qc7 15.Bd3 Bxd3
16.Qxd3 Qc2 17.Qxc2 Rxc2 18.Rb1 f5 19.exf6 Nxf6 20.Nxf6+ gxf6 21.O-O d5 22.Rfc1 Rxc1+
23.Rxc1 Kd7 24.Nh4 Bd6 25.f4 a5 26.Nf3 a4 27.Ne1 e5 28.fxe5 fxe5 29.dxe5 Bxe5
30.Nd3 Bd4+ 31.Kg2 Re8 32.Rc2 Kd6 33.Rd2 Be3 34.Re2 d4 35.Rc2 Kd5 36.Kf3 Rf8+
37.Ke2 h5 38.Rc7 Bg5 39.Rd7+ Ke4 40.Nf2+ Ke5 41.Rh7 Kf5 42.Rxh5 Re8+ 43.Kd3 Kg6
44.g4 Re3+ 45.Kxd4 Re2 46.Nd3 Bf6+ 47.Kd5 Rd2 48.Ke4 Bxb2 49.Nxb2 Rxb2 50.h4 Re2+
51.Kd4 Rg2 52.Rg5+ Kh6 53.Kc4 Rh2 54.Rh5+ Kg6 55.Kb4 Rg2 56.Rg5+ Kf6 57.Kxa4  1-0

[Event "Masters"]
[Site "Bunratty IRL"]
[Date "2001.02.16"]
[Round "1"]
[White "Orr,M"]
[Black "Mckeown,P"]
[Result "1-0"]
[WhiteElo "2315"]
[BlackElo "2084"]

1.d4 Nf6 2.Bg5 e6 3.e4 d5 4.e5 h6 5.Be3 Nfd7 6.c3 c5 7.f4 Nc6 8.Nf3 Be7 9.Bd3 a6
10.O-O b5 11.Nbd2 b4 12.f5 exf5 13.Bxf5 bxc3 14.bxc3 Nf8 15.Bxc8 Rxc8 16.dxc5 Ne6
17.Nb3 O-O 18.Qe2 Na5 19.Nfd4 Nxc5 20.Nxa5 Qxa5 21.Nf5 Qc7 22.Qg4 Bg5 23.Bxg5 hxg5
24.Qxg5 f6 25.exf6 Rxf6 26.Nd4 Rxf1+ 27.Rxf1 Qd7 28.Nf5 Re8 29.Nh6+ Kh7 30.Rf7 Re1+
31.Kf2 Nd3+ 32.Kf3 Rf1+ 33.Ke2 Re1+ 34.Kd2 Rd1+ 35.Kxd1 Qa4+ 36.Kd2 Qxa2+
37.Kxd3 Qc4+ 38.Kd2 Qa2+  1-0

[Event "It"]
[Site "Montecatini Terme ITA"]
[Date "2001.02.16"]
[Round "5"]
[White "Genocchio,D"]
[Black "Mrdja,M"]
[Result "1/2-1/2"]
[WhiteElo "2263"]
[BlackElo "2435"]

1.d4 Nf6 2.Bg5 e6 3.Nf3 h6 4.Bh4 Be7 5.e3 b6 6.c4 c5 7.dxc5 bxc5 8.Nc3 O-O
9.Bd3 Bb7 10.O-O d6 11.Qe2 Nbd7 12.Rfd1 a6 13.Rd2 Qc7 14.Rad1 Rad8 15.Be4 Nxe4
16.Bxe7 Nxd2 17.Rxd2 Bxf3 18.Bxd8 Rxd8 19.Qxf3 Ne5 20.Qe2 Qa5 21.a3 Qb6 22.f4 Nc6
23.Qd1 Na5 24.Qa4 Kf8 25.Kf2 g6 26.Nd1 d5 27.cxd5 exd5 28.b4 Nc4 29.Rd3 a5
30.bxc5 Qxc5 31.Kg3 g5 32.h3 gxf4+ 33.exf4 d4 34.Kh2 Qc7 35.Kg1 Qc5 36.Qb3 Nd6
37.Nf2 Qc1+ 38.Rd1 Qxf4 39.Qb6 Re8 40.Rf1 Nf5 41.Qc5+ Nd6 42.Ng4 Qg3 43.Qxd4 Re6
44.Qd5 Re2 45.Nf6 Qxa3 46.Kh2 Qb4 47.Qa8+ Ne8 48.Qf3 Re7 49.Nd5 Qd6+ 50.Kh1 Rd7
51.Ne3 Qe6 52.Nf5 Kg8 53.Qa8 Kh7 54.Qxa5  1/2-1/2

[Event "1st Masters"]
[Site "Pinamar ARG"]
[Date "2001.03.10"]
[Round "3"]
[White "Hobaica,J"]
[Black "Rodi,L"]
[Result "0-1"]
[WhiteElo "2306"]
[BlackElo "2225"]

1.d4 Nf6 2.Bg5 e6 3.e4 h6 4.Bxf6 Qxf6 5.Nc3 Bb4 6.Qd2 c5 7.e5 Qd8 8.a3 Bxc3
9.Qxc3 cxd4 10.Qxd4 Nc6 11.Qe4 Qa5+ 12.b4 Nxb4 13.Kd1 Qd5+ 14.Qxd5 Nxd5 15.c4 Nc3+
16.Kd2 Ne4+ 17.Ke3 Nc5 18.Ne2 Ke7 19.Rd1 Rd8 20.Rd6 b6 21.Nc3 Nb7 22.Rd2 d6
23.Nb5 dxe5 24.Nc7 Rb8 25.Na6 Bd7 26.Nxb8 Rxb8 27.Bd3 Rc8 28.f3 Ba4 29.Rb2 Nd6
30.Rb4 Be8 31.Kd2 Rc5 32.Re1 Ra5 33.Rb3 Bc6 34.Rc3 Rc5 35.Kc2 f5 36.Kb3 Kf6
37.Bc2 e4 38.Rd1 Ke7 39.fxe4 Bxe4 40.Bxe4 Nxe4 41.Rcd3 Rc7 42.Rd8 Nc5+ 43.Kb4 e5
44.R8d5 Kf6 45.a4 e4 46.Rf1 g6 47.g4 Nd3+ 48.Kb3 Ne5 49.gxf5 gxf5 50.Rd6+ Kg5
51.Rd4 Nf3 52.Rd5 Re7 53.a5 Kg4 54.Rf2 e3 55.Re2 f4 56.axb6 axb6 57.Kc3 Ne5
58.Kd4 Nc6+ 59.Kc3 f3  0-1

[Event "Open"]
[Site "Bad Woerishofen GER"]
[Date "2001.03.18"]
[Round "4"]
[White "Mukic,J"]
[Black "Vossenkuhl,J"]
[Result "1/2-1/2"]
[WhiteElo "2263"]
[BlackElo "2147"]

1.d4 Nf6 2.Bg5 e6 3.e4 c5 4.e5 h6 5.Bc1 Nd5 6.c4 Nb6 7.dxc5 Bxc5 8.Qg4 Bf8
9.Nf3 Nc6 10.Nc3 d5 11.Be3 a6 12.Be2 g6 13.O-O-O Qc7 14.Qf4 Bg7 15.Bxb6 Qxb6
16.cxd5 exd5 17.Nxd5 Qa5 18.Nf6+ Bxf6 19.Qxf6 O-O 20.Bc4 Bf5 21.e6 Nb4 22.exf7+ Kh7
23.Rd4 Nxa2+ 24.Kd1 Nb4 25.Ng5+ hxg5 26.Rh4+ gxh4 27.Qxh4+  1/2-1/2

[Event "17th Spring Festival"]
[Site "Budapest HUN"]
[Date "2001.03.23"]
[Round "8"]
[White "Zalai,M"]
[Black "Letay,G"]
[Result "1/2-1/2"]
[WhiteElo "2122"]
[BlackElo "2191"]

1.d4 Nf6 2.Bg5 e6 3.e3 Be7 4.Bd3 d5 5.f4 Nbd7 6.Nf3 c5 7.c3 Ne4 8.Bxe7 Qxe7
9.Nbd2 f5 10.O-O O-O 11.Ne5 Nxe5 12.dxe5 Nxd2 13.Qxd2 Bd7 14.b4 a5 15.a3 b5
16.Be2 Ra7 17.Rab1 c4 18.Ra1 Rfa8 19.Qb2 Qd8 20.Ra2 Qb6 21.Kf2 Ra6 22.Rfa1 Qa7
23.g3 axb4 24.cxb4 Qc7 25.Qc3 Bc6 26.Bf3 Qa7 27.h4 Re8 28.Qd4 Qe7 29.Rd2 Rea8
30.Rda2 Rc8 31.Rc2 Rc7 32.Kg1 Rca7 33.Rca2 Qd8 34.Kf2 Qa8 35.Qc3 Rd7  1/2-1/2

[Event "TCh-CHN Men"]
[Site "Suzhou, Jiangsu CHN"]
[Date "2001.03.29"]
[Round "4"]
[White "Du Shan"]
[Black "Wang Rui"]
[Result "1/2-1/2"]
[WhiteElo "2346"]
[BlackElo "2526"]

1.d4 Nf6 2.Bg5 e6 3.e3 Be7 4.Nd2 O-O 5.Bd3 d5 6.c3 b6 7.Ngf3 Ba6 8.Bxa6 Nxa6
9.Ne5 Nb8 10.O-O h6 11.Bxf6 Bxf6 12.f4 c5 13.Qe2 Nd7 14.Ndf3 Rc8 15.Rad1 Qe8
16.Nxd7 Qxd7 17.Ne5 Bxe5 18.fxe5 b5 19.Qg4 Kh7 20.Rf3 Qe7 21.Rdf1 f5 22.exf6 Rxf6
23.Rxf6 gxf6 24.Qh4 Rf8 25.e4 cxd4 26.cxd4 dxe4 27.Qxe4+ f5 28.Qe5 Qf6 29.Qxf6 Rxf6
30.Re1 Kg7 31.Re5 a6 32.Rc5 Rf7 33.Rc6 Rd7 34.Rxa6 Rxd4 35.Rxe6 Rd2 36.b4 Rxa2
37.Rb6 Rb2 38.Rxb5 Kf6 39.h3 Kg5 40.Kh2 Rb3 41.Rb8 f4 42.b5 f3 43.gxf3 Kh4
44.Rg8 h5 45.f4 Rb2+ 46.Kg1 Rxb5  1/2-1/2

[Event "Open"]
[Site "Bled SLO"]
[Date "2001.04.01"]
[Round "9"]
[White "Senoner,E1"]
[Black "Kragelj,I"]
[Result "1-0"]
[WhiteElo "2132"]
[BlackElo "2264"]

1.d4 Nf6 2.Bg5 e6 3.e4 h6 4.Bxf6 Qxf6 5.Nc3 d6 6.Nf3 Nd7 7.Qd2 Qd8 8.O-O-O a6
9.Kb1 b5 10.h4 Bb7 11.a3 c5 12.dxc5 Nxc5 13.Bd3 Qb6 14.Rhe1 O-O-O 15.Qf4 Rd7
16.Nd2 Be7 17.Nb3 Bf6 18.Qd2 Rc7 19.Nxc5 Qxc5 20.Na2 Bxh4 21.g3 Bf6 22.f4 Kb8
23.Nc1 Qd4 24.c3 Qb6 25.Nb3 Rd8 26.Qe2 Rcd7 27.Bc2 Ka7 28.Nd4 g6 29.Rd2 e5
30.Nf3 Re8 31.Qd1 Rdd8 32.f5 gxf5 33.exf5 d5 34.Bb3 Qc5 35.Rde2 e4 36.Nd4 Be5
37.Rh1 Qb6 38.Reh2 Rd6 39.Rh3 Rg8 40.g4 Ka8 41.Qd2 Bg7 42.Bd1 Re8 43.Be2 Rd7
44.Rf1 Rd6 45.Rfh1 Ka7 46.Qe3 Ka8 47.Qd2 Qd8 48.Qe3 Bc8 49.Rh5 Qb6 50.R5h3 Bd7
51.g5 hxg5 52.Qxg5 Bf6 53.Qf4 Be5 54.Qg5 a5 55.Rh7 b4 56.axb4 axb4 57.Kc2 Qa7
58.Rxf7 Ba4+ 59.b3 Bxb3+ 60.Nxb3 Qxf7  1-0

[Event "TCh-EST"]
[Site "Parnu/Tallinn EST"]
[Date "2001.04.06"]
[Round "?"]
[White "Tanav,T"]
[Black "Vetemaa,J"]
[Result "1-0"]
[WhiteElo "2241"]
[BlackElo "2288"]

1.d4 Nf6 2.Bg5 e6 3.e4 h6 4.Bxf6 Qxf6 5.Nf3 d6 6.Nc3 Nd7 7.Qd2 e5 8.O-O-O c6
9.h4 g6 10.h5 g5 11.Kb1 Bg7 12.d5 c5 13.Nh2 a6 14.Ng4 Qd8 15.Ne3 b5 16.Ne2 O-O
17.Ng3 Nf6 18.f3 Qb6 19.Ngf5 Kh7 20.g3 Re8 21.Bh3 Bf8 22.Ng4 Nxg4 23.Bxg4 Bxf5
24.Bxf5+ Kh8 25.f4 f6 26.fxg5 fxg5 27.Bg6 Rec8 28.Rhf1 Bg7 29.Rf7 Rf8 30.Rdf1 Rxf7
31.Rxf7 Rf8 32.Rxf8+ Bxf8 33.Qf2 Qd8 34.a3 Bg7 35.Qf5 a5 36.Qe6 b4 37.Bf5 Bf6
38.Ka2 c4 39.c3 bxc3 40.bxc3 Kg7 41.Bg6 Kh8 42.Be8 Qe7 43.Bb5 Qxe6 44.dxe6 Kg7
45.Bxc4 Bd8 46.Kb3 Kf6 47.Ka4 Bb6 48.Kb5 Bc5 49.a4 g4 50.Be2 Kxe6 51.Bxg4+ Ke7
52.Bf5 Be3 53.Kxa5 Kd8 54.Kb5 Kc7 55.Be6 Bd2 56.c4 Bg5 57.g4 Bf4 58.a5 Bg5
59.a6 Be3 60.g5  1-0

[Event "56th ch-YUG"]
[Site "Herceg Novi YUG"]
[Date "2001.04.08"]
[Round "15"]
[White "Kosic,D"]
[Black "Pikula,D"]
[Result "0-1"]
[WhiteElo "2504"]
[BlackElo "2513"]

1.d4 Nf6 2.Bg5 e6 3.e4 h6 4.Bxf6 Qxf6 5.Nc3 d6 6.Qd2 c6 7.Nf3 Nd7 8.O-O-O Be7
9.h4 e5 10.Kb1 a6 11.Be2 Nf8 12.Qe3 Bd8 13.dxe5 dxe5 14.Na4 Nd7 15.Nc5 Nxc5
16.Qxc5 Bc7 17.Nd2 Qe7 18.Qe3 Be6 19.g3 O-O-O 20.f4 g6 21.h5 exf4 22.gxf4 g5
23.fxg5 hxg5 24.Nb3 Kb8 25.Nd4 Bd7 26.Qb3 Ka7 27.Rhf1 f6 28.a4 Bb6 29.Rfe1 g4
30.Bf1 Rxh5 31.Nf5 Bxf5 32.exf5 Rxd1+ 33.Rxd1 Rxf5 34.Qd3 Rf3 35.Qc4 f5 36.Bd3 a5
37.Rh1 g3 38.Qg8 Qd8 39.Qg6 Qd5 40.Re1 g2  0-1

[Event "FSIMB April"]
[Site "Budapest HUN"]
[Date "2001.04.12"]
[Round "6"]
[White "Paci,C"]
[Black "Petran,Pa"]
[Result "1-0"]
[WhiteElo "2213"]
[BlackElo "2392"]

1.d4 Nf6 2.Bg5 e6 3.e4 h6 4.Bxf6 Qxf6 5.Nf3 d6 6.Nc3 Nd7 7.Qd2 Qd8 8.O-O-O a6
9.h4 b5 10.Bd3 Bb7 11.Kb1 c5 12.dxc5 Nxc5 13.Qe3 Qb6 14.Nd4 Be7 15.Rh3 b4
16.Nce2 Bf6 17.f4 Qc7 18.h5 O-O-O 19.g4 e5 20.Nb3 Rhe8 21.Qd2 a5 22.g5 Be7
23.c3 Qb6 24.cxb4 axb4 25.Qc2 Kb8 26.Nxc5 dxc5 27.gxh6 gxh6 28.fxe5 Bg5 29.Rf1 Rd7
30.Rhf3 Red8 31.Ng3 Qc7 32.e6 fxe6 33.Bc4 Qe5 34.Bb5 Rd2 35.Qb3 Rg2 36.a3 Rdd2
37.Rf8+ Bd8 38.Ne2 Bxe4+ 39.Ka1 Bf5 40.Rd1  1-0

[Event "Osteropen"]
[Site "Essen-Borbeck GER"]
[Date "2001.04.12"]
[Round "3"]
[White "Kartsev,S"]
[Black "Curic,D"]
[Result "1/2-1/2"]
[WhiteElo "2217"]
[BlackElo "2218"]

1.d4 Nf6 2.Bg5 e6 3.e4 h6 4.Bxf6 Qxf6 5.Nf3 d6 6.Nc3 g5 7.e5 Qd8 8.Bb5+ c6
9.Bd3 Nd7 10.exd6 Bxd6 11.Qe2 b6 12.O-O-O Bb7 13.Ba6 Bxa6 14.Qxa6 Qc7 15.Ne4 Be7
16.Rhe1 b5 17.Nc5 Nxc5 18.dxc5 Bxc5 19.Ne5 Qb6 20.Qxb6 Bxb6 21.f3 c5 22.g3 Rc8
23.Rd6 O-O 24.Nd7 Bc7 25.Ra6 Rfd8 26.Rd1 h5 27.Rxa7 h4 28.Rxc7 Rxc7 29.Nf6+ Kg7
30.Nh5+ Kg6 31.Rxd8 Kxh5 32.Rh8+ Kg6 33.gxh4 gxh4 34.Rxh4 Rd7 35.b3 f5 36.Rh8 Kg5
37.Rc8 Rd5 38.a4 bxa4 39.bxa4 Kf4 40.a5 Kxf3 41.a6 Rd7 42.Rxc5 Ra7 43.Ra5 f4
44.Kd2 e5 45.Rxe5 Rxa6 46.Re2 Rg6 47.h4  1/2-1/2

[Event "Cat V"]
[Site "Vukovar CRO"]
[Date "2001.04.13"]
[Round "1"]
[White "Lukic,Milu"]
[Black "Macanga,B"]
[Result "1/2-1/2"]
[WhiteElo "2230"]
[BlackElo "2369"]

1.d4 Nf6 2.Bg5 e6 3.Nf3 d5 4.e3 Be7 5.Bd3 O-O 6.Bxf6 Bxf6 7.O-O Nd7 8.Nbd2 c6
9.c3 Qc7 10.Qc2 g6 11.b4 Bg7  1/2-1/2

[Event "39th Doeberl Cup"]
[Site "Canberra AUS"]
[Date "2001.04.14"]
[Round "3"]
[White "Smirnov,Vl"]
[Black "Djuric,S"]
[Result "0-1"]
[WhiteElo "2227"]
[BlackElo "2483"]

1.d4 Nf6 2.Bg5 e6 3.e4 h6 4.Bxf6 Qxf6 5.c3 d6 6.Bd3 e5 7.Ne2 Nd7 8.O-O Qe7
9.f4 Nf6 10.Nd2 g6 11.Nf3 exd4 12.Nexd4 Bg7 13.Qb3 O-O 14.Rae1 c5 15.e5 Nh5
16.Nb5 d5 17.Qxd5 Nxf4 18.Qc4 Nxd3 19.Qxd3 Be6 20.Qd6 Qxd6 21.Nxd6 b5 22.b3 Rab8
23.Ne4 Rfc8 24.Rd1 a5 25.Rd6 c4 26.Ra6 Ra8 27.Rxa8 Rxa8 28.bxc4 Bxc4 29.Rf2 Rd8
30.Nd6 Be6 31.Rb2 b4 32.Rc2 bxc3 33.Nb7 Rb8 34.Nxa5 Rb1+ 35.Kf2 Rb2 36.Ne1 Bf5
37.Re2 c2 38.Nc4 c1=Q 39.Nxb2 Bxe5 40.Rxe5 Qxb2+ 41.Re2 Qd4+ 42.Kf1 Be6 43.Nf3 Qa1+
44.Kf2 Bxa2 45.Rd2 Bc4 46.h3 Qa7+ 47.Kg3 Qe3 48.Rd1 Be2 49.Re1 g5 50.Rb1 Qf4+
51.Kf2 Bxf3 52.gxf3 Qh2+ 53.Ke3 Qxh3 54.Rb4 Kg7 55.Rd4 Qe6+ 56.Re4 Qb6+  0-1

[Event "5th Neckar Open"]
[Site "Deizisau GER"]
[Date "2001.04.15"]
[Round "7"]
[White "Rogers,I"]
[Black "Schnitzspan,L"]
[Result "1-0"]
[WhiteElo "2528"]
[BlackElo "2319"]

1.d4 Nf6 2.Bg5 e6 3.e4 h6 4.Bxf6 Qxf6 5.c3 d6 6.Bd3 e5 7.Ne2 c6 8.O-O Qd8
9.f4 exd4 10.cxd4 Be7 11.Nbc3 Bg4 12.Kh1 Nd7 13.h3 Bxe2 14.Qxe2 Qb6 15.Qf2 O-O
16.e5 f5 17.Rad1 Rad8 18.Bb1 dxe5 19.fxe5 Bb4 20.Qg3 Nb8 21.Bxf5 Rxd4 22.Qg6  1-0

[Event "Open"]
[Site "Crans Montana SUI"]
[Date "2001.04.20"]
[Round "2"]
[White "Michaud,C"]
[Black "Sokolov,And"]
[Result "0-1"]
[WhiteElo "2074"]
[BlackElo "2568"]

1.d4 Nf6 2.Bg5 e6 3.e4 h6 4.Bxf6 Qxf6 5.Nf3 Nc6 6.Nc3 Bb4 7.Qd3 d6 8.O-O-O Bd7
9.Kb1 O-O-O 10.Qe3 Kb8 11.e5 dxe5 12.dxe5 Qe7 13.Ne4 Ba5 14.Bc4 Bb6 15.Qe2 a6
16.a3 Na7 17.Rd3 Bc6 18.Rhd1 Bxe4 19.Rxd8+ Rxd8 20.Rxd8+ Qxd8 21.Qxe4 Bxf2
22.Qf4 Qe7 23.Ng5 Qxg5 24.Qxf2 Qe7 25.Qg3 g6 26.Qf4 h5 27.Be2 Nc8 28.Bf3 Nb6
29.Qe4 c6 30.h4 Nd7 31.Qf4 Qf8 32.Be4 Qg7 33.Qd2 Kc8  0-1

[Event "zt3.3 Women"]
[Site "HeiBei CHN"]
[Date "2001.04.20"]
[Round "5"]
[White "Gong Qingyun"]
[Black "Xu Yuhua"]
[Result "0-1"]
[WhiteElo "2193"]
[BlackElo "2501"]

1.d4 Nf6 2.Bg5 e6 3.e4 h6 4.Bxf6 Qxf6 5.Nf3 d6 6.Nc3 g5 7.e5 dxe5 8.dxe5 Qe7
9.Bb5+ Bd7 10.Qe2 a6 11.Bxd7+ Nxd7 12.O-O-O Bg7 13.g4 O-O-O 14.h3 Qc5 15.Rhe1 Nb6
16.a3 Rxd1+ 17.Rxd1 Rd8 18.Rxd8+ Kxd8 19.Qd3+ Nd7 20.b4 Qc6 21.a4 Ke8 22.b5 axb5
23.axb5 Qc5 24.Ne4 Qb4 25.c3 Qa3+ 26.Kd2 Nxe5 27.Nxe5 Bxe5 28.Qc4 b6 29.Ke2 Qa8
30.Nd2 Qd5 31.Qxd5 exd5 32.Kd3 Kd7 33.Nf3 Kd6 34.c4 f6 35.Nd2 c6 36.bxc6 Kxc6
37.cxd5+ Kxd5 38.Nc4 Bd4 39.f3 b5 40.Nd2 b4 41.Kc2 Ke5 42.Kd3 Bc3 43.Ne4 Kf4
44.Ke2 Be5 45.Kf2 b3 46.Ke2 b2  0-1

[Event "7th"]
[Site "Cutro ITA"]
[Date "2001.04.24"]
[Round "3"]
[White "Miladinovic,I"]
[Black "Aleksic,Nen1"]
[Result "1/2-1/2"]
[WhiteElo "2519"]
[BlackElo "2417"]

1.d4 Nf6 2.Bg5 e6 3.e4 c5 4.d5 d6 5.Nc3 Be7 6.Bb5+ Bd7 7.dxe6 fxe6 8.a4 O-O
9.Nf3 Bxb5 10.axb5 Nbd7 11.Qe2 Kh8 12.e5 dxe5 13.Nxe5 Nxe5 14.Qxe5 Qd4 15.Qe2 Nd5
16.Bxe7 Nxe7 17.Ra4 Qf6 18.O-O Nd5 19.Nd1 b6 20.g3 Rf7 21.Re4 Re7 22.Re1 Rd8
23.c3 h6 24.h4 Rd6 25.h5 Qf7 26.Re5 Red7 27.Ne3 Nxe3 28.Qxe3 Rd5 29.c4 Rxe5
30.Qxe5 Rd2 31.Re2 Rd4 32.Re4 Qd7 33.Kg2 Qb7 34.f3 Qd7 35.Kh3 Kg8 36.Kg4 Kf7
37.b3 Rxe4+ 38.Qxe4 Kg8 39.Qa8+ Kf7 40.Qe4 Kg8 41.Qc6 Qf7 42.Qa8+ Kh7 43.Qe4+ Kg8
44.f4 Qd7 45.Kh4 Kf7 46.g4 Qd2 47.Kg3 Qc3+ 48.Qf3 Qe1+ 49.Kh3 Ke7 50.g5 Qa1
51.Kg2 Qb2+ 52.Kg3 Qa1 53.Qe3 Qb1 54.g6 Qd1 55.Qe5 Qg1+ 56.Kf3 Qf1+ 57.Kg3 Qg1+
58.Kf3 Qf1+ 59.Kg3  1/2-1/2

[Event "Zone 3.2b (Oceana)"]
[Site "Gold Coast AUS"]
[Date "2001.04.27"]
[Round "9"]
[White "Tindall,B"]
[Black "Wallace,JP"]
[Result "1-0"]
[WhiteElo "2225"]
[BlackElo "2388"]

1.d4 Nf6 2.Bg5 e6 3.e4 h6 4.Bxf6 Qxf6 5.Nc3 d6 6.Qd2 c6 7.f4 e5 8.dxe5 dxe5
9.f5 g5 10.O-O-O Nd7 11.g4 Nb6 12.Nf3 Bd7 13.h4 O-O-O 14.Qh2 Bg7 15.Bd3 Qe7
16.hxg5 hxg5 17.Qg2 Rhg8 18.Qf2 Kb8 19.Nd2 f6 20.Bc4 Nxc4 21.Nxc4 Bc8 22.Rh7 Rxd1+
23.Nxd1 Qb4 24.Qe2 b5 25.Nce3 Qxe4 26.Qd2 Qd4 27.Qa5 Bd7 28.Qa3 c5 29.Qa6 c4
30.a4 c3 31.bxc3 Qc5 32.axb5 Bxb5 33.Qa2 Qc8 34.Qb3  1-0

[Event "54th ch-RUS"]
[Site "Elista RUS"]
[Date "2001.05.03"]
[Round "4"]
[White "Rustemov,A"]
[Black "Belozerov,A"]
[Result "0-1"]
[WhiteElo "2625"]
[BlackElo "2494"]

1.d4 Nf6 2.Bg5 e6 3.e3 c5 4.Nd2 d5 5.c3 Nbd7 6.f4 Be7 7.Bd3 h6 8.Bxf6 gxf6
9.Ngf3 f5 10.O-O c4 11.Bc2 b5 12.a3 Bb7 13.Ne5 Nxe5 14.fxe5 h5 15.Rf3 Qc7
16.Rh3 h4 17.Kh1 O-O-O 18.a4 b4 19.cxb4 Bxb4 20.b3 Rdg8 21.Nf3 Rg4 22.g3 Be7
23.gxh4 Bxh4 24.Qe2 Bf6 25.Rxh8+ Bxh8 26.a5 f6 27.a6 Bc6 28.exf6 Bxf6 29.Qd2 Qh7
30.Ng1 Qh6 31.Bd1 Rxd4 32.Qb4 Rxd1 33.Qd6 Bxa1 34.Qxc6+ Kd8 35.Qa8+ Ke7 36.Qxa7+ Kf6
37.Qc5 Qg7  0-1

[Event "65th ch-BUL"]
[Site "Tsarevo BUL"]
[Date "2001.05.12"]
[Round "2"]
[White "Vasilev,M"]
[Black "Ninov,N"]
[Result "0-1"]
[WhiteElo "2367"]
[BlackElo "2457"]

1.d4 Nf6 2.Bg5 e6 3.e4 h6 4.Bxf6 Qxf6 5.Nc3 Bb4 6.Ne2 d6 7.a3 Ba5 8.b4 Bb6
9.Na4 e5 10.Nxb6 axb6 11.dxe5 Qxe5 12.Qd4 Nc6 13.Qxe5+ dxe5 14.c3 Be6 15.Ng3 Ke7
16.Kd2 Ra7 17.Kc2 Rha8 18.Kb2 Nb8 19.Nf5+ Kf6 20.Ne3 c6 21.Bc4 g6 22.Rhd1 Ke7
23.Bxe6 Kxe6 24.Nc4 Ra6 25.Nd6 Nd7 26.Nxb7 R6a7 27.Nd6 b5 28.c4 Nb6 29.c5 Nd7
30.g3 Ke7 31.f4 h5 32.Kb3 Nf6 33.Rf1 Nd7 34.Rf2 Rb8 35.a4 bxa4+ 36.Ka3 h4
37.Nc4 hxg3 38.hxg3 exf4 39.Rxf4 Rh8 40.Raf1 f6 41.e5 f5 42.Na5 Ra6 43.Nc4 Rh3
44.R1f3 Nf8 45.Rh4 Rxh4 46.gxh4 Ne6 47.Na5 Nxc5 48.Rc3 Ne4 49.Nxc6+ Ke6 50.Rc4 Kd5
51.b5 Rb6 52.Rd4+ Kc5 53.e6 Rxc6 54.bxc6 Kxd4 55.Kxa4  0-1

[Event "Open"]
[Site "Pula CRO"]
[Date "2001.05.19"]
[Round "2"]
[White "Gombac,Jan"]
[Black "Kutuzovic,B"]
[Result "0-1"]
[WhiteElo "2230"]
[BlackElo "2414"]

1.d4 Nf6 2.Bg5 e6 3.e4 h6 4.Bxf6 Qxf6 5.Nf3 d6 6.Nc3 Nd7 7.Qd2 a6 8.O-O-O Qd8
9.Bd3 b5 10.h4 Bb7 11.g4 c5 12.dxc5 Nxc5 13.Qe3 Qc7 14.Kb1 O-O-O 15.a3 g6
16.Nd4 Bg7 17.Rhe1 Qb6 18.Bf1 Nd7 19.Na2 Nf6 20.f3 e5 21.Qc3+ Qc7 22.Nb3 d5
23.g5 hxg5 24.hxg5 Nh5 25.Nc5 d4 26.Qb4 Bf8 27.Bh3+ Kb8 28.Nxa6+ Bxa6 29.Qb3 Qc4
30.Bf1 Qxb3 31.cxb3 Nf4 32.a4 d3  0-1

[Event "6th Stuttgart Open"]
[Site "Ditzingen GER"]
[Date "2001.05.25"]
[Round "4"]
[White "Doll,M"]
[Black "Schlosser,P"]
[Result "0-1"]
[WhiteElo "2155"]
[BlackElo "2493"]

1.d4 Nf6 2.Bg5 e6 3.e4 h6 4.Bxf6 Qxf6 5.Nc3 d6 6.Qd2 c6 7.f4 e5 8.dxe5 dxe5
9.fxe5 Qxe5 10.Rd1 Qg5 11.Nf3 Qxd2+ 12.Rxd2 Be6 13.Nd4 Bb4 14.Nxe6 fxe6 15.Bc4 Ke7
16.O-O Nd7 17.Rfd1 Ne5 18.Be2 Rhf8 19.a3 Bc5+ 20.Kh1 Be3 21.Rd6 Rf2 22.h3 Raf8
23.b4 b5 24.Kh2 g6 25.Kh1 a6 26.Kh2 h5 27.Kh1 g5 28.a4 g4 29.Kh2 g3+ 30.Kh1 h4
31.a5 Rxg2  0-1